| 000 | 00410nam a2200157Ia 4500 | ||
|---|---|---|---|
| 003 | GCL | ||
| 008 | 140319s9999 xx 000 0 eng d | ||
| 040 |
_aGCL / _cGCL |
||
| 082 | 0 | 4 |
_aCH _b823.087 _bP G |
| 100 | 1 | _aPETER HODDOCK | |
| 245 | 1 | 0 |
_aSNOW WHITE & THE SEVEN DWARFS / _cPETER HODDOCK |
| 260 |
_a[S.N] : _bPETER HODDOCK PUBLISHING ، _c1985 |
||
| 650 | 0 | 4 | _aREADING |
| 650 | 0 | 4 | _aTALES |
| 942 |
_2ddc _cBK |
||
| 999 |
_c18338 _d18338 |
||